000
00288nam a22001337a 4500
008
170529b xxu||||| |||| 00| 0 eng d
020
_a
0517514400
041
_a
eng
080
_a
621.38
100
_a
27
101
_a
IM
245
_a
ELECTRICAL REAPIRS
_c
HERTZBERG,R
942
_2
udc
_c
BK
999
_c
14804
_d
14804